书目信息 |
| 题名: |
幼儿园玩教具制作与活动指导
|
|
| 作者: | 苏春 , 苏兰 主编 | |
| 分册: | ||
| 出版信息: | 北京 首都师范大学出版社 2019.11 |
|
| 页数: | 202页 | |
| 开本: | 29cm | |
| 丛书名: | ||
| 单 册: | ||
| 中图分类: | G614 | |
| 科图分类: | ||
| 主题词: | 幼儿园--自制玩具--教材 , 幼儿园--自制教具--教材 | |
| 电子资源: | ||
| ISBN: | 978-7-5656-5347-6 | |
| 000 | 01083nam0 2200253 450 | |
| 001 | 0103152642 | |
| 005 | 20201103152729.0 | |
| 010 | @a978-7-5656-5347-6@dCNY58.00 | |
| 100 | @a20191129d2019 em y0chiy0110 ea | |
| 101 | 0 | @achi |
| 102 | @aCN@b110000 | |
| 105 | @ay z 000yy | |
| 106 | @ar | |
| 200 | 1 | @a幼儿园玩教具制作与活动指导@Ayou er yuan wan jiao ju zhi zuo yu huo dong zhi dao@f苏春, 苏兰主编 |
| 210 | @a北京@c首都师范大学出版社@d2019.11 | |
| 215 | @a202页@d29cm | |
| 330 | @a本书基于学前儿童玩教具在幼儿园的应用价值,以学前教育五大领域玩教具的制作为核心要素来构建内容体系。全书共七章,分别是学前儿童玩教具理论概述,健康领域玩教具、语言领域玩教具、科学领域玩教具、社会领域玩教具、艺术领域玩教具、玩教具实例汇编。本教材适合学前教育专业研究生和本、专科学生使用,也可作为远程教育及相关学员培训用书,还可供广大幼儿园教师和家长阅读参考。 | |
| 606 | 0 | @a幼儿园@x自制玩具@j教材 |
| 606 | 0 | @a幼儿园@x自制教具@j教材 |
| 690 | @aG614@v5 | |
| 701 | 0 | @a苏春@Asu chun@4主编 |
| 701 | 0 | @a苏兰@Asu lan@4主编 |
| 801 | 0 | @aCN@bBJSZM@c20201103 |
| 905 | @b1255151-5@dG614@e1028@f5 | |
| 幼儿园玩教具制作与活动指导/苏春, 苏兰主编.-北京:首都师范大学出版社,2019.11 |
| 202页;29cm |
| ISBN 978-7-5656-5347-6:CNY58.00 |
| 本书基于学前儿童玩教具在幼儿园的应用价值,以学前教育五大领域玩教具的制作为核心要素来构建内容体系。全书共七章,分别是学前儿童玩教具理论概述,健康领域玩教具、语言领域玩教具、科学领域玩教具、社会领域玩教具、艺术领域玩教具、玩教具实例汇编。本教材适合学前教育专业研究生和本、专科学生使用,也可作为远程教育及相关学员培训用书,还可供广大幼儿园教师和家长阅读参考。 |
| ● |
| 相关链接 |
|
|
|
|
正题名:幼儿园玩教具制作与活动指导
索取号:G614/1028
 
预约/预借
| 序号 | 登录号 | 条形码 | 馆藏地/架位号 | 状态 | 备注 |
| 1 | 1255151 | 212551512 | 第一样本阅览室/ [索取号:G614/1028] | 在馆 | |
| 2 | 1255152 | 212551521 | 教育系资料室/ [索取号:G614/1028] | 在馆 | |
| 3 | 1255153 | 212551530 | 教育系资料室/ [索取号:G614/1028] | 在馆 | |
| 4 | 1255154 | 212551549 | 第四借阅区/ [索取号:G614/1028] | 在馆 | |
| 5 | 1255155 | 212551558 | 第四借阅区/ [索取号:G614/1028] | 在馆 |